Land

Αποθηκεύτηκε σε:
Λεπτομέρειες βιβλιογραφικής εγγραφής
Κύριος συγγραφέας: Hall, Derek R.
Μορφή: Βιβλίο
Γλώσσα:English
Δημοσίευση: Cambridge, UK ; Malden, MA : Polity, 2013.
Σειρά:Resources (Polity Press).
Θέματα:
Ετικέτες: Προσθήκη ετικέτας
Δεν υπάρχουν, Καταχωρήστε ετικέτα πρώτοι!

MARC

LEADER 00000nam a2200000 a 4500
001 1/107207
008 150703s2013####xxk| ||| |||| ||eng||
020 |a 9780745652771  
040 |a GR-MyUa  |b gre  |c GR-MyUa  |e AACR2 
041 0 |a eng 
082 7 |a 320.12   |2 (23)  
100 1 |a Hall, Derek R. 
245 1 0 |a Land /   |c Derek Hall.  
260 |a Cambridge, UK ;   |a Malden, MA :   |b Polity,   |c 2013.  
300 |a xi, 204 σ. ;   |c 22 εκ.  
490 1 |a (Resources) 
504 |a Περιλαμβάνει βιβλιογραφία (σ. 181-191) και ευρετήριο.  
505 8 |a Introduction -- Interstate struggles -- Frontiers -- Land booms -- Titling and conservation -- Social movements -- Conclusion.  
650 0 |a Land use  |x Political aspects. 
650 0 |a Land use  |x Economic aspects. 
650 0 |a Geopolitics. 
830 0 |a Resources (Polity Press). 
852 |a INST  |b LESVOS  |c BK  |e 20150703  |h 320.12 HAL  |p 005100057006  |q 005100057006  |t BK  |y 0 
922 |a 1ΕΛΗ  |b 2015-04   |c Τμήμα Γεωγραφίας   |d Διαδρομές  
970 |a Τζαφέρη   |b Ευαγγελία  |z 03-07-2015